Biblioteca

Los evangelios apócrifos (Registro nro. 42706)

Detalles MARC
000 -LÍDER
Campo fijo de descripción fija 01678nam a22002537a 4500
001 - NÚMERO DE CONTROL
Campo de control 13762
003 - IDENTIFICADOR DEL NÚMERO DE CONTROL
Campo de control CO-MdFUSB
005 - FECHA Y HORA DE LA ULTIMA TRANSACCIÓN
control field 20180622073149.0
008 - ELEMENTOS DE LONGITUD FIJA -- INFORMACIÓN GENERAL
Campo fijo de descripción fija -- Información general 180503t2006 sp ||||| |||| 00| 0 spa d
020 ## - NÚMERO INTERNACIONAL NORMALIZADO PARA LIBROS
Número Internacional Normalizado del libro 84-293-1628-0
040 ## - FUENTE DE CATALOGACIÓN
Agencia de catalogación original CO-MdFUSB
Idioma de catalogación spa
Agencia que realiza la transcripción CO-MdFUSB
Agencia que realiza la modificación CO-MdFUSBC
Convenciones de la descripción rda
041 0# - CÓDIGO DE IDIOMA
Código de idioma para texto/pista de sonido o título separado spa
Código de idioma original ger
082 04 - NÚMERO DE CLASIFICACIÓN DECIMAL DEWEY
Número de clasificación G 229.8 K636e
100 1# - ASIENTO PRINCIPAL--NOMBRE PERSONAL
Nombre personal Klauck, Hans Josef (1946-)
Término relacionador autor
245 14 - TÍTULO
Título del Material Los evangelios apócrifos
Parte restante del título - Subtitulo : Una introducción
Mención de responsabilidad, etc. / Hans-Joseph Klauck ; María del Carmen Blanco Moreno, Traductor
264 #4 - PRODUCCIÓN, PUBLICACIÓN, DISTRIBUCIÓN, MANUFACTURA, Y COPYRIGHT
Lugar de producción, publicación, distribución, manufactura Santander :
Nombre del productor, publicador, distribuidor Sal Terrae,
Fecha de producción, publicación, distribución, manufactura, o copyright ©2006
300 ## - DESCRIPCIÓN FÍSICA
Extensión 342 Pág.
336 ## - TIPO DE CONTENIDO
Fuente rdacontent
Término de tipo de contenido texto
Código de tipo de contenido txt
337 ## - TIPO DE MEDIO
Fuente rdamedia
Nombre del tipo de medio sin mediación
Código del tipo de medio n
338 ## - TIPO DE SOPORTE
Fuente rdacarrier
Nombre del tipo de soporte volumen
Código Tipo de soporte nc
500 ## - NOTA GENERAL
Nota General Título original : Apokryphe Evangelien.
505 00 - NOTA DE CONTENIDO
Nota de contenido con formato preestablecido - Agrapha (dichos dispersos de Jesús) - Papiro Egerton 2 - Papiro Oxirrinco 840 - El Papiro copto de Estrasburgo - El Evangelio desconocido de Berlin - El Evangelio secreto de Marcos - El Evangelio de los hebreos - El evangelio de los nazarenos - El Evangelio de los ebionitas - El texto griego de Clemente de Alejandría - El texto copto de Nag Hammadi - El Protoevangelio de Santiago - El Evangelio de la infancia según Tomás - El Evangelio del Pseudo-Mateo - El Evangelio de Pedro - El Evangelio de Nicodemo (Actas de Pilato) - El Evangelio de Bartolomé - El Evangelio de Tomás - El Evangelio de Felipe - El Evangelio de la Verdad - La Sabiduría de Jesucristo - Epistula Apostolorum - El Evangelio de María - El Apócrifo de Juan - El Libro de Tomás - El Diálogo del Salvador - Leyendas sobre la muerte de María - Evangelios perdidos - Un anti-evangelio: Toledot Yeshu
942 ## - TIPO DE MATERIAL (KOHA)
Tipo de Item KOHA Libros General
Existencias
Estado de Material Estado de Perdido Forma de Clasificación Estado de Dañado No para Préstamo Colección Tomo Biblioteca de Origen Biblioteca Permanente Fecha de Adquisición Total de Préstamos Total de Renovaciones Signatura Topográfica Código de Barras Última vez visto Última vez Préstado Ejemplar/Existencia Fecha de Remplazo Tipo de Material
    Dewey Decimal Classification     Colección General   Biblioteca FUSBC Biblioteca FUSBC 04/05/2006 9 5 G 229.8 K636e 16011 28/10/2025 20/09/2025 Ej. 1 26/01/2016 Libros General

Biblioteca FUSBC | Teléfono: (57+4) 349 88 10 Ext. 141| WhatsApp (+57) 3005338115 
E-mail: biblioteca@unisbc.edu.co | Calle 76 87-14 Robledo Palenque, Medellín, Colombia

Con tecnología Koha